| 000 | 00449nam a2200193Ia 4500 | ||
|---|---|---|---|
| 005 | 20240823022741.0 | ||
| 008 | 240823s9999||||xx |||||||||||||| ||und|| | ||
| 020 | _a0-316-81247-1 | ||
| 041 | _aENGLISH | ||
| 082 | _A155.2 N3 | ||
| 100 | _a"Steinem,Gloria" | ||
| 245 | 0 | _aRevolution from Within | |
| 250 | _a1st | ||
| 260 |
_c1993 _b"Little,Brown Company,B" |
||
| 500 | _aYES | ||
| 650 |
_aGeneral _bGeneral |
||
| 942 | _cBK | ||
| 999 |
_c179910 _d179910 |
||